Capitales des pays participants à la coupe du monde de foot 1974 - Statistiques

Statistiques générales
  • Ce quiz a été pris 22 fois
  • Le résultat moyen est 13 sur 16
Statistiques - réponses
Capitales % Correct
Berlin (Bonn)
100%
Brasilia
100%
Buenos Aires
100%
Amsterdam
95%
Rome
95%
Berlin-Est
85%
Montevideo
85%
Santiago
85%
Stockholm
85%
Varsovie
85%
Edimbourg
75%
Sofia
65%
Belgrade
60%
Canberra
60%
Kinshasa
50%
Port au Prince
45%
Aucun quiz correspondant
Distribution des résultats
% des personnes avec chaque résultat
Percentile par nombre de réponses
Votre historique - résultats
Vous n’avez pas pris ce quiz